000 006610000a22001810004500
003 MACL
005 20160420123639.0
008 160420b xxu||||| |||| 00| 0 eng d
040 _aMACL
_cMACL
041 _aHindi
082 _a100
100 _aइच्‍छाराम सूर्यराम देसाई
_952824
245 _aचन्‍द्रकान्‍त वेदान्‍त ज्ञान का मुख ग्रन्‍थ
260 _bआर्यावर्त संस्‍कृति संस्‍थान
_c2006
_aदिल्‍ली
350 _a700
650 _aPhilosophy
_952825
942 _cHIN
_k100
_2ddc
999 _c18914
_d18914